Statistics for Shadowhunters

Click here to take the quiz!

General Stats

  • This quiz has been taken 516 times
  • The average score is 9 of 13

Answer Stats

SurnameAnswer% Correct
LightwoodAlec
100%
FairchildClary
100%
HerondaleJace
100%
LightwoodIsabelle
95%
MorgensternValentine
90%
GarrowayLuke
87%
VerlacSebastian
80%
LightwoodMaryse
72%
StarkweatherHodge
59%
GrayTessa
51%
CastairsEmma
47%
WaylandMichael
43%
MorgensternJocylen
1%

Score Distribution

Percentile by Number Answered

Percent of People with Each Score

Your Score History

You have not taken this quiz